[Event "XIII. DBMM 2013"]
[Site "?"]
[Date "2013.09.26"]
[Round "2.3"]
[White "Jachs, Walter"]
[Black "Broehl, Stephan"]
[Result "1/2-1/2"]
[WhiteElo "2029"]
[BlackElo "2131"]
[PlyCount "102"]
[EventDate "2013.01.19"]

1. e4 c6 2. d4 d5 3. exd5 cxd5 4. Bd3 Nc6 5. c3 Nf6 6. Bf4 Bg4 7. Qb3 Qd7 8.
Nd2 e6 9. Ngf3 Bxf3 10. Nxf3 Bd6 11. Be5 Qc7 12. Bxd6 Qxd6 13. O-O O-O 14. Rae1
Rab8 15. Ne5 b5 16. a3 Rfc8 17. f4 g6 18. g4 Nd7 19. Nxd7 Qxd7 20. f5 exf5 21.
gxf5 Re8 22. Qd1 a6 23. Qf3 Rxe1 24. Rxe1 Re8 25. Rxe8+ Qxe8 26. Kf2 Qd8 27.
Kg3 Kg7 28. h4 Qd6+ 29. Qf4 Qe7 30. Kf3 Qf6 31. fxg6 hxg6 32. Qxf6+ Kxf6 33.
Kf4 Nd8 34. a4 Ne6+ 35. Kg4 Nc7 36. Kf4 bxa4 37. Bc2 a3 38. bxa3 Nb5 39. Bd3
Nxa3 40. Bxa6 Nb1 41. c4 dxc4 42. Bxc4 Na3 43. Bd3 Ke6 44. Kg5 Kd5 45. Bxg6
fxg6 46. Kxg6 Nc2 47. h5 Nxd4 48. Kf6 Ne6 49. h6 Nf8 50. Kg7 Ne6+ 51. Kf7 Ke5
1/2-1/2

[Event "XIII. DBMM 2013"]
[Site "?"]
[Date "2013.09.26"]
[Round "2.4"]
[White "Mueller-Boge, Michael"]
[Black "Liefrink, Feike"]
[Result "1-0"]
[WhiteElo "2002"]
[BlackElo "2065"]
[PlyCount "91"]
[EventDate "2013.01.19"]

1. e4 d6 2. d4 Nf6 3. Nc3 Nbd7 4. f4 e5 5. Nf3 exd4 6. Nxd4 Nc5 7. Bd3 Be7 8.
O-O O-O 9. Re1 Nxd3 10. Qxd3 c6 11. Kh1 Qc7 12. a4 Rd8 13. Bd2 Bf8 14. a5 d5
15. e5 Ng4 16. Qg3 Bc5 17. Nce2 Qe7 18. h3 Nh6 19. f5 Nxf5 20. Nxf5 Bxf5 21.
Bg5 Qc7 22. Bf6 Bf8 23. Bxd8 Rxd8 24. c3 Re8 25. e6 Qxg3 26. exf7+ Kxf7 27.
Nxg3 Rxe1+ 28. Rxe1 Be6 29. Nh5 Bd7 30. Rf1+ Kg8 31. Rd1 Bd6 32. Re1 Kf7 33. g4
Be7 34. Kg2 Bd8 35. b4 Bg5 36. Re2 Bc8 37. Kg3 Bd8 38. Nxg7 Kxg7 39. Re8 Bf6
40. Rxc8 Kg6 41. a6 bxa6 42. Rxc6 Kf7 43. Kf4 d4 44. Kf5 Be7 45. cxd4 Bxb4 46.
Rxa6 1-0

[Event "XIII. DBMM 2013"]
[Site "?"]
[Date "2013.09.26"]
[Round "2.1"]
[White "Urban, Ralf-Dieter"]
[Black "Decker, Ingo"]
[Result "1-0"]
[WhiteElo "2057"]
[BlackElo "1696"]
[PlyCount "63"]
[EventDate "2013.01.19"]

1. e4 e5 2. d4 exd4 3. c3 d3 4. Bxd3 Nc6 5. Nf3 Bc5 6. Bg5 f6 7. Bf4 d6 8. Nbd2
a6 9. Nb3 Ba7 10. Nbd4 Nge7 11. Bc4 Nxd4 12. Nxd4 Ng6 13. Qh5 Qe7 14. O-O Bxd4
15. cxd4 Be6 16. Bd3 Bf7 17. Qf3 Nxf4 18. Qxf4 O-O 19. Rfe1 Bg6 20. Rac1 Qd7
21. Re3 Rae8 22. g4 c6 23. h3 d5 24. exd5 cxd5 25. Rc7 Rxe3 26. Rxd7 Rxd3 27.
Rxb7 Be4 28. Qc7 Rd1+ 29. Kh2 Rh1+ 30. Kg3 Rg1+ 31. Kf4 g5+ 32. Ke3 1-0

[Event "XIII. DBMM 2013"]
[Site "?"]
[Date "2013.09.26"]
[Round "2.2"]
[White "Jacobsen, Ruediger"]
[Black "Supplieth, Joerg"]
[Result "0-1"]
[WhiteElo "1532"]
[BlackElo "1730"]
[PlyCount "58"]
[EventDate "2013.01.19"]

1. e4 e5 2. Nc3 Nc6 3. a3 Bc5 4. Bc4 d6 5. d3 Nf6 6. h3 h6 7. Na4 Bb6 8. Nxb6
axb6 9. f4 exf4 10. Bxf4 Be6 11. Bb5 O-O 12. c3 d5 13. e5 Nd7 14. d4 f6 15. Nf3
fxe5 16. Bxe5 Ncxe5 17. dxe5 c6 18. Be2 Qc7 19. O-O Nxe5 20. Nd4 Bf7 21. Bh5
Bxh5 22. Qxh5 Qd6 23. Qh4 Nc4 24. Rf2 Rxf2 25. Qxf2 Rf8 26. Qe2 Qg3 27. Qe6+
Kh8 28. Re1 Rf2 29. Re2 Qxg2# 0-1

[Event "XIII. DBMM 2013"]
[Site "?"]
[Date "2013.09.26"]
[Round "2.3"]
[White "Schroeder, Kai"]
[Black "Jakob, Heinz"]
[Result "1-0"]
[WhiteElo "1786"]
[BlackElo "1590"]
[PlyCount "59"]
[EventDate "2013.01.19"]

1. e4 Nc6 2. Nf3 Nf6 3. e5 Nd5 4. d4 e6 5. a3 d6 6. Be2 Be7 7. O-O O-O 8. c4
Nb6 9. Nc3 dxe5 10. dxe5 Nd7 11. Bf4 f6 12. exf6 Rxf6 13. Bg3 a6 14. Qc2 Rf7
15. Rad1 e5 16. Nxe5 Ncxe5 17. Bxe5 Bf6 18. Bg3 Bh4 19. Bg4 Bxg3 20. hxg3 Qe8
21. Rfe1 Re7 22. Rxe7 Qxe7 23. Nd5 Qd8 24. Qe4 Kh8 25. Qe7 Qxe7 26. Nxe7 h6 27.
Nxc8 Rxc8 28. Rxd7 Re8 29. Kf1 Re4 30. Rd8+ 1-0

[Event "XIII. DBMM 2013"]
[Site "?"]
[Date "2013.09.26"]
[Round "2.4"]
[White "Feldmann, Alfred"]
[Black "Basteck, Reiner"]
[Result "1/2-1/2"]
[WhiteElo "1434"]
[BlackElo "1670"]
[PlyCount "54"]
[EventDate "2013.01.19"]

1. d4 d5 2. c4 c6 3. Nf3 Nf6 4. Nc3 dxc4 5. e3 e6 6. Bxc4 b5 7. Bd3 Nbd7 8. a3
Bb7 9. O-O Bd6 10. Re1 O-O 11. e4 e5 12. Bg5 a6 13. b4 Re8 14. Bc2 exd4 15.
Qxd4 Ne5 16. Qd1 Qe7 17. Bf4 Rad8 18. Qe2 Nxf3+ 19. Qxf3 Be5 20. Bxe5 Qxe5 21.
Qe3 Ng4 22. Qg3 Qxg3 23. hxg3 Rd2 24. Re2 Red8 25. Ra2 Bc8 26. Rxd2 Rxd2 27.
Bb1 Rxa2 1/2-1/2

[Event "XIII. DBMM 2013"]
[Site "?"]
[Date "2013.09.26"]
[Round "2.1"]
[White "Campi, Matteo"]
[Black "Jonnek, Thomas"]
[Result "0-1"]
[WhiteElo "1400"]
[BlackElo "2003"]
[PlyCount "100"]
[EventDate "2013.01.19"]

1. e4 c6 2. d4 d5 3. Nc3 dxe4 4. Nxe4 g6 5. Be3 Bg7 6. Nf3 Nf6 7. Nxf6+ Bxf6 8.
Bc4 Bg4 9. h3 Bxf3 10. Qxf3 Nd7 11. O-O O-O 12. c3 Re8 13. Rad1 e6 14. Rfe1 Nb6
15. Bb3 Kg7 16. Bf4 Rc8 17. Qg3 h5 18. Be5 Nd7 19. f4 Kh7 20. Bc2 Kg7 21. Bxf6+
Nxf6 22. f5 exf5 23. Bxf5 Qc7 24. Qxc7 Rxc7 25. Rxe8 Nxe8 26. Bc2 Nd6 27. Re1
Kf8 28. Kf2 Re7 29. Rxe7 Kxe7 30. Kf3 g5 31. g4 hxg4+ 32. Kxg4 Kf6 33. a4 Nc4
34. Kf3 Nxb2 35. Ke4 Nc4 36. d5 c5 37. Bd3 Nd6+ 38. Ke3 c4 39. Bf1 Ke5 40. Bg2
f5 41. Kf3 a5 42. Ke3 b5 43. axb5 Nxb5 44. Kd2 Nc7 45. Bf1 Kxd5 46. Kc2 Kc5 47.
Kb2 Nd5 48. Be2 Nf4 49. Bf1 g4 50. hxg4 fxg4 0-1

[Event "XIII. DBMM 2013"]
[Site "?"]
[Date "2013.09.26"]
[Round "2.2"]
[White "Wittfoth, Kai-Uve"]
[Black "Guth, Thomas"]
[Result "0-1"]
[WhiteElo "2139"]
[BlackElo "2283"]
[PlyCount "64"]
[EventDate "2013.01.19"]

1. d4 e6 2. e4 d5 3. exd5 exd5 4. Bd3 Nc6 5. Ne2 Qf6 6. Nbc3 Be6 7. Bf4 O-O-O
8. Qd2 h6 9. Nb5 Rd7 10. a4 a6 11. Na3 g5 12. Bg3 Qe7 13. c3 f5 14. f3 f4 15.
Bf2 Na5 16. Bc2 Qf7 17. b4 Nc4 18. Nxc4 dxc4 19. O-O-O Ne7 20. Be4 Bd5 21. h4
Rg8 22. g4 Bxe4 23. fxe4 Qe6 24. Rhg1 Qxe4 25. Kb2 Nd5 26. Rde1 Qg6 27. Qc2
Qxc2+ 28. Kxc2 Bd6 29. Rgf1 Re7 30. hxg5 hxg5 31. Ng1 Rxe1 32. Rxe1 Nf6 0-1

[Event "XIII. DBMM 2013"]
[Site "?"]
[Date "2013.09.26"]
[Round "2.3"]
[White "Schramm, Christian"]
[Black "Wilkens, Lars"]
[Result "1-0"]
[WhiteElo "2396"]
[BlackElo "1838"]
[PlyCount "49"]
[EventDate "2013.01.19"]

1. e4 c6 2. d4 d5 3. Nc3 dxe4 4. Nxe4 Nd7 5. Nf3 Ngf6 6. Nxf6+ Nxf6 7. Bc4 Bf5
8. O-O e6 9. Re1 Be7 10. Ne5 h6 11. c3 O-O 12. Qf3 Nd7 13. Bf4 Nxe5 14. Bxe5
Bf6 15. g4 Bh7 16. Bxf6 Qxf6 17. Qg3 Rac8 18. Re5 Rfd8 19. Rae1 b5 20. Bb3 g5
21. Rxe6 fxe6 22. Rxe6 Qf7 23. Rd6 Be4 24. Rxd8+ Rxd8 25. Bxf7+ 1-0

[Event "XIII. DBMM 2013"]
[Site "?"]
[Date "2013.09.26"]
[Round "2.4"]
[White "Steinkraus, Hans-Guenter"]
[Black "Buescher, Henrik"]
[Result "0-1"]
[WhiteElo "1657"]
[BlackElo "2112"]
[PlyCount "68"]
[EventDate "2013.01.19"]

1. e4 c6 2. Nc3 d5 3. d3 g6 4. h4 h5 5. Bd2 Bg7 6. Qc1 Nf6 7. f3 Be6 8. Nh3 Na6
9. Ng5 Qd7 10. e5 Ng8 11. d4 Nc7 12. Bf4 Nh6 13. g3 Nf5 14. Ne2 O-O-O 15. Bh3
Rde8 16. Qd2 f6 17. Nxe6 Qxe6 18. O-O-O fxe5 19. Bg5 Qf7 20. dxe5 Bxe5 21. f4
Bg7 22. Rde1 e6 23. g4 hxg4 24. Bxg4 Nb5 25. c3 Nbd6 26. Bf3 Nc4 27. Qd3 e5 28.
b3 e4 29. Bxe4 Rxe4 30. bxc4 Rxc4 31. Kb2 Qc7 32. Ka1 Qa5 33. Rc1 Re8 34. Rhe1
Re3 0-1

[Event "XIII. DBMM 2013"]
[Site "?"]
[Date "2013.09.26"]
[Round "2.1"]
[White "Eisermann, Daniel"]
[Black "Fischer, Alexander"]
[Result "1/2-1/2"]
[WhiteElo "1941"]
[BlackElo "2055"]
[PlyCount "86"]
[EventDate "2013.01.19"]

1. e4 c6 2. d4 d5 3. exd5 cxd5 4. Bd3 Nc6 5. c3 Qc7 6. Ne2 Bg4 7. f3 Bh5 8. Bf4
Qd7 9. O-O e6 10. Re1 Bd6 11. Bxd6 Qxd6 12. Nd2 Bg6 13. Nb3 Nge7 14. Ng3 O-O
15. Qe2 Rac8 16. Rad1 b6 17. Nc1 Na5 18. Bxg6 Nxg6 19. Nd3 Nc4 20. b3 Na5 21.
Qd2 Rc7 22. Ne5 Rfc8 23. Nxg6 hxg6 24. Ne2 Nc6 25. Qd3 Ne7 26. Rc1 g5 27. Rc2
f6 28. Rec1 Kf7 29. Ng3 Rh8 30. c4 dxc4 31. Rxc4 Rxc4 32. bxc4 Rh4 33. Rd1 Qc7
34. Re1 Qd6 35. Re4 Nc6 36. Rxh4 gxh4 37. Ne2 Qb4 38. Kf2 Na5 39. c5 bxc5 40.
d5 Qc4 41. dxe6+ Qxe6 42. Qb5 Qb6 43. Qd7+ Kf8 1/2-1/2

[Event "XIII. DBMM 2013"]
[Site "?"]
[Date "2013.09.26"]
[Round "2.2"]
[White "Brauer, Frank"]
[Black "Mayer, Herbert"]
[Result "0-1"]
[WhiteElo "1887"]
[BlackElo "1992"]
[PlyCount "104"]
[EventDate "2013.01.19"]

1. e4 c5 2. c3 d5 3. exd5 Qxd5 4. d4 Nc6 5. Nf3 Nf6 6. Be3 cxd4 7. cxd4 e6 8.
Nc3 Bb4 9. Be2 Ne4 10. Qc2 Nxc3 11. bxc3 Be7 12. O-O O-O 13. c4 Qd8 14. Rfd1
Bf6 15. Rab1 Qe7 16. d5 exd5 17. cxd5 Ne5 18. Bc5 Nxf3+ 19. Bxf3 Qc7 20. Be4
Rd8 21. Bxh7+ Kh8 22. d6 Qd7 23. Bd3 b6 24. Bb5 Qf5 25. Qxf5 Bxf5 26. Bc6 Rac8
27. Bxb6 axb6 28. Rxb6 Bc2 29. Rd2 Be4 30. Ba4 Bc3 31. Rd1 Be5 32. Bb3 {(R)}
Bc2 33. Bxc2 Rxc2 34. h3 Rxa2 35. d7 Ra7 36. Rb5 Rdxd7 37. Re1 f6 38. g3 Kg8
39. Re2 Rd3 40. h4 Rad7 41. Ra5 Rd2 42. Ra2 Rxe2 43. Rxe2 Rb7 44. Kg2 Rb2 45.
Rxb2 Bxb2 46. g4 Kf7 47. f4 Ke6 48. h5 Bc1 49. Kf3 Kd5 50. h6 gxh6 51. Kg3 Ke4
52. f5 Bg5 0-1

[Event "XIII. DBMM 2013"]
[Site "?"]
[Date "2013.09.26"]
[Round "2.3"]
[White "Mueller, Gerd"]
[Black "Klowski, Bjoern Sigurd"]
[Result "1-0"]
[WhiteElo "1809"]
[BlackElo "1400"]
[PlyCount "73"]
[EventDate "2013.01.19"]

1. e4 e6 2. d4 d5 3. exd5 exd5 4. Bd3 c5 5. c3 Nc6 6. Be3 Qb6 7. Qb3 Qxb3 8.
axb3 cxd4 9. cxd4 Bd7 10. Nc3 Nf6 11. Nf3 Nb4 12. Ne5 a6 13. O-O Ng4 14. Nxd7
Nxd3 15. Nxf8 Nxe3 16. fxe3 Rxf8 17. Nxd5 O-O-O 18. Nb6+ Kc7 19. Nc4 f5 20.
Rad1 Nb4 21. Ne5 g6 22. Rc1+ Kd6 23. Rc5 Nd5 24. Rf3 g5 25. Rh3 Nf6 26. Rh6
Rde8 27. Nc4+ Kd7 28. Nb6+ Kd8 29. Rc8+ Ke7 30. Rc7+ Kd6 31. Rc5 Rxe3 32. Nc4+
Kd7 33. Nxe3 f4 34. Nd5 Ng4 35. Rc7+ Kd8 36. Rd6+ Ke8 37. Re7# 1-0

[Event "XIII. DBMM 2013"]
[Site "?"]
[Date "2013.09.26"]
[Round "2.4"]
[White "Hoffmann, Frank"]
[Black "Riess, Bernhard"]
[Result "1/2-1/2"]
[WhiteElo "1521"]
[BlackElo "1577"]
[PlyCount "48"]
[EventDate "2013.01.19"]

1. e4 c6 2. d4 d5 3. f3 e6 4. Bf4 Nd7 5. Bd3 c5 6. c3 cxd4 7. cxd4 Bb4+ 8. Nc3
b6 9. Rc1 Bb7 10. e5 Rc8 11. Nge2 Ne7 12. a3 Bxc3+ 13. Rxc3 Rxc3 14. Nxc3 O-O
15. O-O a6 16. Bd2 b5 17. f4 Qb6 18. Ne2 Nf5 19. Bxf5 exf5 20. Qb1 g6 21. Rc1
Rc8 22. Rxc8+ Bxc8 23. Qc2 Bb7 24. Bb4 Qc6 1/2-1/2

[Event "XIII. DBMM 2013"]
[Site "?"]
[Date "2013.09.26"]
[Round "2.1"]
[White "Gottschalk, Jens"]
[Black "Mueller, Ralf"]
[Result "0-1"]
[WhiteElo "2268"]
[BlackElo "2395"]
[PlyCount "77"]
[EventDate "2013.01.19"]

1. d4 Nf6 2. c4 g6 3. Nc3 d5 4. cxd5 Nxd5 5. e4 Nxc3 6. bxc3 Bg7 7. Bc4 c5 8.
Ne2 O-O 9. O-O Nc6 10. Be3 e6 11. Rc1 Qa5 12. Bb3 Bd7 13. d5 Ne5 14. dxe6 Bxe6
15. Bxe6 fxe6 16. Nf4 Qxa2 17. Qd6 Rfe8 18. Qxc5 b6 19. Qb4 Qc4 20. Rfd1 Bf8
21. Qb2 Qxe4 22. Rd4 Qf5 23. Qe2 Rad8 24. Ra1 Rxd4 25. cxd4 Nc6 26. g4 Qf7 27.
Qb5 Na5 28. Rc1 Bd6 29. Nd3 Rd8 30. Bg5 Qd7 31. Qb2 Rc8 32. Re1 e5 33. h3 Nc4
34. Qb3 exd4 35. Bf6 Qf7 36. Bxd4 Nd2 37. Qxf7+ Kxf7 38. Kg2 Nc4 39. Rc1 {
und hier Überschritt Weiß die Zeit} 0-1

[Event "XIII. DBMM 2013"]
[Site "?"]
[Date "2013.09.26"]
[Round "2.2"]
[White "Scharrer, Udo"]
[Black "Werner, Gregor"]
[Result "0-1"]
[WhiteElo "2036"]
[BlackElo "2152"]
[PlyCount "64"]
[EventDate "2013.01.19"]

1. d4 Nf6 2. c4 Nc6 3. Nf3 e6 4. Bg5 Bb4+ 5. Nbd2 h6 6. Bxf6 Qxf6 7. e3 O-O 8.
a3 Bxd2+ 9. Qxd2 d6 10. Be2 e5 11. O-O Bg4 12. Rad1 Rfe8 13. d5 Ne7 14. e4 Ng6
15. Ne1 Bd7 16. Nd3 b6 17. b4 a5 18. c5 axb4 19. axb4 bxc5 20. bxc5 Bb5 21. c6
Ra4 22. Nb2 Rd4 23. Qe3 Bxe2 24. Qxe2 Qh4 25. f3 Nf4 26. Qf2 Qf6 27. Rxd4 exd4
28. Rd1 Rb8 29. Qd2 Rb3 30. Qc2 Rc3 31. Qd2 d3 32. Qe3 Qg5 0-1

[Event "XIII. DBMM 2013"]
[Site "?"]
[Date "2013.09.26"]
[Round "2.3"]
[White "Lipp, Hubert"]
[Black "Bangert, Udo"]
[Result "1-0"]
[WhiteElo "2064"]
[BlackElo "1895"]
[PlyCount "81"]
[EventDate "2013.01.19"]

1. e4 e5 2. Nf3 Nc6 3. Bb5 a6 4. Bxc6 dxc6 5. d4 exd4 6. Qxd4 Qxd4 7. Nxd4 c5
8. Ne2 Bd7 9. Nbc3 O-O-O 10. Bd2 Bd6 11. O-O-O Ne7 12. Bf4 Bxf4+ 13. Nxf4 Bc6
14. f3 b5 15. Nd3 c4 16. Nc5 Bb7 17. Rxd8+ Rxd8 18. Rd1 Rxd1+ 19. Nxd1 c6 20.
Kd2 Kc7 21. Kc3 Bc8 22. Ne3 Kb6 23. Kd4 Ng6 24. g3 Ne5 25. Kxe5 Kxc5 26. h4 f6+
27. Kf4 Kd4 28. Nf5+ Bxf5 29. Kxf5 b4 30. h5 c3 31. bxc3+ Kxc3 32. h6 gxh6 33.
Kxf6 Kxc2 34. e5 Kb2 35. e6 Kxa2 36. e7 Kb3 37. e8=Q c5 38. Qe3+ Kc4 39. Ke5 a5
40. Kd6 a4 41. Qc1+ 1-0

[Event "XIII. DBMM 2013"]
[Site "?"]
[Date "2013.09.26"]
[Round "2.4"]
[White "Keck, Gerd"]
[Black "Launert, Martin"]
[Result "0-1"]
[WhiteElo "1400"]
[BlackElo "1882"]
[PlyCount "88"]
[EventDate "2013.01.19"]

1. Nf3 Nf6 2. g3 d6 3. Bg2 c5 4. O-O Nc6 5. c4 g6 6. d3 Bg7 7. a4 O-O 8. b3 Nd7
9. Na3 Bxa1 10. Bh6 Bg7 11. Bd2 Nf6 12. Nb5 d5 13. Be3 d4 14. Bf4 Ne8 15. Qc1
a6 16. Na3 e5 17. Bg5 f6 18. Bd2 Nd6 19. Nh4 Qe7 20. e4 dxe3 21. Bxe3 Nd4 22.
Qd1 Rb8 23. Bd5+ Be6 24. Bg2 N6f5 25. Nf3 Qd7 26. Nd2 Rfd8 27. Be4 Nd6 28. Bg2
Kh8 29. Ne4 Nxe4 30. dxe4 Bg4 31. f3 Bh3 32. Bxh3 Qxh3 33. g4 Bh6 34. Nc2 Nxc2
35. Bxh6 Rxd1 36. Rxd1 Qxh6 37. Rd3 Nd4 38. Kg2 f5 39. h3 fxe4 40. fxe4 Qf4 41.
Rg3 Rf8 42. g5 Qf1+ 43. Kh2 Rf2+ 44. Rg2 Qxg2# 0-1

[Event "XIII. DBMM 2013"]
[Site "?"]
[Date "2013.09.26"]
[Round "2.1"]
[White "Blum, Norbert"]
[Black "Lange, Ronny"]
[Result "1/2-1/2"]
[WhiteElo "2021"]
[BlackElo "1400"]
[PlyCount "61"]
[EventDate "2013.01.19"]

1. e4 c5 2. c3 d5 3. exd5 Qxd5 4. d4 Nf6 5. Nf3 e6 6. Na3 a6 7. Nc4 Nbd7 8. Be3
Be7 9. dxc5 Bxc5 10. Bxc5 Qxc5 11. a4 O-O 12. Be2 b6 13. O-O Bb7 14. Qd6 Qxd6
15. Nxd6 Bc6 16. Nd4 Nb8 17. Rfd1 Rd8 18. Nxc6 Nxc6 19. Bf3 Nd5 20. Bxd5 Rxd6
21. Bxc6 Rxc6 22. Rd7 Kf8 23. Rad1 Rcc8 24. Kf1 Ke8 25. Rb7 Rab8 26. Rdd7 Rxb7
27. Rxb7 Rc6 28. Ke2 Rd6 29. Ra7 a5 30. b3 Rd7 31. Ra8+ 1/2-1/2

[Event "XIII. DBMM 2013"]
[Site "?"]
[Date "2013.09.26"]
[Round "2.2"]
[White "Helps, Ian Malcolm"]
[Black "Bischoff, Ulrich"]
[Result "0-1"]
[WhiteElo "1400"]
[BlackElo "2107"]
[PlyCount "82"]
[EventDate "2013.01.19"]

1. d4 d5 2. c4 c6 3. Nf3 Nf6 4. Bg5 Ne4 5. e3 Qa5+ 6. Nbd2 Nxg5 7. Nxg5 dxc4 8.
Bxc4 Qxg5 9. Qf3 e6 10. Ne4 Qa5+ 11. Kd1 Be7 12. Qg3 O-O 13. Kc2 Nd7 14. Rad1
Nf6 15. Nxf6+ Bxf6 16. Kb1 Rd8 17. h4 e5 18. h5 Bf5+ 19. Bd3 Bxd3+ 20. Rxd3
exd4 21. exd4 Rxd4 22. Rxd4 Bxd4 23. Rd1 c5 24. h6 Qb4 25. b3 Qc3 26. Qxc3 Bxc3
27. hxg7 Bd4 28. f3 Re8 29. Rd2 Kxg7 30. Kc2 b5 31. a4 bxa4 32. bxa4 Re3 33.
Rd3 Re2+ 34. Rd2 Rxd2+ 35. Kxd2 h5 36. Kd3 h4 37. Ke4 Kf6 38. Kf4 c4 39. Ke4
Bf2 40. f4 c3 41. Kd3 Be1 0-1

[Event "XIII. DBMM 2013"]
[Site "?"]
[Date "2013.09.26"]
[Round "2.3"]
[White "Lau, Peter"]
[Black "Van Eibergen, Robert"]
[Result "1-0"]
[WhiteElo "1791"]
[BlackElo "1321"]
[PlyCount "71"]
[EventDate "2013.01.19"]

1. e4 c5 2. Nc3 Nc6 3. g3 d6 4. Bg2 e5 5. d3 Nf6 6. f4 Be7 7. Nf3 O-O 8. O-O a6
9. Bd2 b5 10. Ne2 Qc7 11. h3 Bb7 12. g4 d5 13. g5 Nh5 14. exd5 Nd8 15. Nxe5 f6
16. Ng4 fxg5 17. fxg5 Nf7 18. Nf4 Nxf4 19. Bxf4 Qd7 20. c4 Bxg5 21. Bxg5 Nxg5
22. Qd2 Nf7 23. Rae1 Rae8 24. Rxe8 Qxe8 25. b3 Bc8 26. Re1 Qd8 27. Ne5 Nxe5 28.
Rxe5 Qf6 29. Qe3 Qg6 30. d6 h6 31. Qxc5 Bb7 32. Re2 Bxg2 33. Rxg2 Qxd3 34. Qe5
Qf1+ 35. Kh2 Rf2 36. Qxg7# 1-0

[Event "XIII. DBMM 2013"]
[Site "?"]
[Date "2013.09.26"]
[Round "2.1"]
[White "Fass, Helmut"]
[Black "Dekker, Derk"]
[Result "0-1"]
[WhiteElo "1531"]
[BlackElo "1817"]
[PlyCount "48"]
[EventDate "2013.01.19"]

1. d4 d5 2. c4 e5 3. dxe5 d4 4. a3 Nc6 5. Nf3 Nge7 6. Bg5 h6 7. Bh4 g5 8. Bg3
Nf5 9. Qd3 Bg7 10. h3 Nxg3 11. fxg3 Nxe5 12. Nxe5 Bxe5 13. Nd2 Be6 14. O-O-O
Qd6 15. g4 O-O-O 16. Kb1 Qc6 17. Rc1 Bf4 18. b3 Rhf8 19. Kb2 f5 20. Rd1 fxg4
21. hxg4 Bxg4 22. Nf3 Qf6 23. Qb1 Bf5 24. Qa1 g4 0-1

[Event "XIII. DBMM 2013"]
[Site "?"]
[Date "2013.09.26"]
[Round "2.2"]
[White "Oberpriller, Josef"]
[Black "Hueners, Rolf"]
[Result "1-0"]
[WhiteElo "1988"]
[BlackElo "1400"]
[PlyCount "65"]
[EventDate "2013.01.19"]

1. d4 d5 2. Nc3 Nf6 3. Bg5 h6 4. Bf4 Bf5 5. e3 e6 6. Bd3 Bxd3 7. cxd3 Bd6 8.
Nge2 a6 9. O-O O-O 10. Rc1 b5 11. a3 Nc6 12. Nxb5 axb5 13. Rxc6 Qd7 14. Qc2
Rfc8 15. Rc1 Ne8 16. h3 Ra7 17. Bxd6 Nxd6 18. Qc5 Rb7 19. Rxd6 cxd6 20. Qxc8+
Qxc8 21. Rxc8+ Kh7 22. b4 Ra7 23. Rc3 Kg6 24. Kf1 Kf6 25. Ke1 h5 26. Kd2 h4 27.
Kc2 g5 28. Kb3 e5 29. Rc6 Ke7 30. Rb6 Kd7 31. Rxb5 Kc6 32. Rb8 Kc7 33. Rg8 1-0

[Event "XIII. DBMM 2013"]
[Site "?"]
[Date "2013.09.26"]
[Round "2.3"]
[White "Mikoteit, Siegfried"]
[Black "Bumes, Konrad"]
[Result "0-1"]
[WhiteElo "1327"]
[BlackElo "1796"]
[PlyCount "84"]
[EventDate "2013.01.19"]

1. e4 d5 2. exd5 Qxd5 3. Nc3 Qa5 4. d4 Nf6 5. Nf3 Bf5 6. Bd3 e6 7. Bxf5 Qxf5 8.
Nh4 Qa5 9. O-O Nbd7 10. Nf3 Bd6 11. a3 c6 12. Re1 O-O 13. Ne4 Nxe4 14. Rxe4 Nf6
15. Re2 Rad8 16. Bg5 Qf5 17. c3 h6 18. Bxf6 Qxf6 19. Qe1 g5 20. Ne5 h5 21. h3
Qf4 22. Re3 Bxe5 23. Rxe5 Rd7 24. Qe3 Qxe3 25. fxe3 Rd5 26. Rxd5 exd5 27. g4 f5
28. gxh5 Kg7 29. Kf2 Kh6 30. Kg3 Kxh5 31. Rf1 Kg6 32. Rf3 Re8 33. Kf2 Re4 34.
Kg2 g4 35. hxg4 fxg4 36. Rg3 Kg5 37. Kf2 Re7 38. Ke2 Kh4 39. Rg1 Rf7 40. Rh1+
Kg3 41. Rf1 Rxf1 42. Kxf1 Kh2 0-1

[Event "XIII. DBMM 2013"]
[Site "?"]
[Date "2013.09.26"]
[Round "2.4"]
[White "Santos, Paulo"]
[Black "Waltz, Juergen"]
[Result "1-0"]
[WhiteElo "1848"]
[BlackElo "1400"]
[PlyCount "71"]
[EventDate "2013.01.19"]

1. e4 c5 2. Nc3 e6 3. g3 Nf6 4. Bg2 Nc6 5. d3 h6 6. Nge2 Be7 7. O-O O-O 8. h3
d5 9. exd5 exd5 10. Nf4 Be6 11. Re1 Qd6 12. Qe2 Nd4 13. Qd1 a6 14. Nce2 Nb5 15.
Nxe6 fxe6 16. Nf4 Nc7 17. Qe2 Rfe8 18. Ng6 Kh7 19. Bf4 Qb6 20. Nxe7 Rxe7 21.
Bxc7 Rxc7 22. c3 Re8 23. Qc2 Qd6 24. Re2 b5 25. Rae1 Kg8 26. h4 Rce7 27. Qd2 d4
28. Bh3 e5 29. Bf5 Qd5 30. Bg6 dxc3 31. Qxc3 Rd8 32. Rxe5 Rxe5 33. Rxe5 Qd4 34.
Rxc5 Ng4 35. Qxd4 Rxd4 36. Rc8+ 1-0

[Event "XIII. DBMM 2013"]
[Site "?"]
[Date "2013.09.27"]
[Round "3.1"]
[White "Kettenburg, Stefan"]
[Black "Segerberg, Tomas"]
[Result "1/2-1/2"]
[WhiteElo "2063"]
[BlackElo "1996"]
[PlyCount "33"]
[EventDate "2013.01.19"]

1. d4 e6 2. c4 Nf6 3. Nf3 b6 4. e3 Bb4+ 5. Nbd2 Bb7 6. Bd3 O-O 7. O-O Bxd2 8.
Nxd2 d6 9. b3 e5 10. Bb2 Re8 11. Qc2 e4 12. Be2 c6 13. Rac1 Na6 14. Rfd1 Rc8
15. Nf1 d5 16. Ng3 Nc7 17. Qd2 1/2-1/2

[Event "XIII. DBMM 2013"]
[Site "?"]
[Date "2013.09.27"]
[Round "3.2"]
[White "Lichtenstern, Elmar"]
[Black "Baranowsky, Peter"]
[Result "1-0"]
[WhiteElo "2127"]
[BlackElo "1967"]
[PlyCount "129"]
[EventDate "2013.01.19"]

1. d4 d5 2. Nf3 Nf6 3. Bg5 g6 4. Nbd2 Bg7 5. e3 O-O 6. Be2 Nbd7 7. O-O b6 8. c4
c6 9. Rc1 Bb7 10. cxd5 cxd5 11. Qb3 Rc8 12. a4 a6 13. h3 h6 14. Bf4 Kh7 15. Qa3
Re8 16. b4 Ne4 17. Rxc8 Bxc8 18. Nb3 e5 19. dxe5 Nxe5 20. Nxe5 Bxe5 21. Bxe5
Rxe5 22. Nd4 Qd6 23. f4 Re7 24. Rc1 Bb7 25. Qb2 Rc7 26. Rxc7 Qxc7 27. Bd3 Qc3
28. Qxc3 Nxc3 29. a5 bxa5 30. bxa5 Kg7 31. Nb3 Na4 32. h4 Nb2 33. Nc5 Nxd3 34.
Nxd3 Bc6 35. Nb4 Bb7 36. Nc2 Kf6 37. Nd4 h5 38. Kf2 Ke7 39. f5 Kf6 40. fxg6
fxg6 41. Ke2 g5 42. Nf3 g4 43. Nd4 Ke5 44. Kd2 Bc8 45. Ne2 Be6 46. Nf4 Bf7 47.
Nd3+ Kd6 48. Kc3 Be8 49. Kd4 Kc6 50. Nb4+ Kb5 51. Nxd5 Kxa5 52. Kc5 Ka4 53.
Nb6+ Kb3 54. Nc4 Ka4 55. g3 Bb5 56. e4 Kb3 57. Na5+ Ka4 58. Kb6 Kb4 59. e5 Kc3
60. e6 Kd3 61. Nc6 Ke3 62. e7 Bxc6 63. Kxc6 Kf3 64. e8=Q Kxg3 65. Qxh5 1-0

[Event "XIII. DBMM 2013"]
[Site "?"]
[Date "2013.09.27"]
[Round "3.3"]
[White "Koerlin, Hans-Juergen"]
[Black "Jachs, Walter"]
[Result "0-1"]
[WhiteElo "1843"]
[BlackElo "2029"]
[PlyCount "60"]
[EventDate "2013.01.19"]

1. e4 d6 2. d4 Nf6 3. Nc3 g6 4. f4 Bg7 5. Nf3 c5 6. d5 O-O 7. Be2 b5 8. e5 dxe5
9. fxe5 Ng4 10. Bf4 b4 11. Ne4 Nd7 12. O-O Ngxe5 13. Nxe5 Nxe5 14. Qd2 Bb7 15.
Rad1 Qb6 16. Kh1 Rfd8 17. c4 bxc3 18. Nxc3 Rac8 19. Qe3 c4 20. Qg3 Nd7 21. Rd2
Qa5 22. Qh4 Nf6 23. Be5 Bxd5 24. Nxd5 Rxd5 25. Bc3 Qxa2 26. Rxd5 Nxd5 27. Bxg7
Kxg7 28. Rxf7+ Kxf7 29. Qxh7+ Kf6 30. Qh4+ Kg7 0-1

[Event "XIII. DBMM 2013"]
[Site "?"]
[Date "2013.09.27"]
[Round "3.4"]
[White "Liefrink, Feike"]
[Black "Bockelmann, Rolf"]
[Result "1-0"]
[WhiteElo "2065"]
[BlackElo "1843"]
[PlyCount "65"]
[EventDate "2013.01.19"]

1. e4 e5 2. Nf3 Nc6 3. Bc4 Nf6 4. Ng5 d5 5. exd5 Nd4 6. c3 b5 7. cxd4 bxc4 8.
Qa4+ Bd7 9. Qxc4 Bd6 10. dxe5 Bxe5 11. d4 Bd6 12. Qe2+ Be7 13. Nc3 O-O 14. O-O
h6 15. Nge4 Re8 16. Nxf6+ Bxf6 17. Qd3 Rb8 18. b3 Rb4 19. Be3 Qc8 20. Rac1 Bf5
21. Qd2 Kh7 22. d6 Rb7 23. Nd5 Bd8 24. dxc7 Be7 25. Nxe7 Rxe7 26. Bf4 Rbxc7 27.
Bxc7 Rxc7 28. Rxc7 Qxc7 29. d5 Qd6 30. Qd4 a6 31. Re1 Qa3 32. d6 Qa5 33. Qe5
1-0